[Event "ESP-ch 83rd"]
[Site "Linares"]
[Date "2018.08.21"]
[Round "2"]
[White "Garza Marco, Sergio"]
[Black "Silva Rodriguez, Fernando"]
[Result "1-0"]
[WhiteElo "2414"]
[BlackElo "2239"]
[PlyCount "59"]
[EventDate "2018.08.20"]
[EventType "swiss"]
[EventRounds "9"]
[EventCountry "ESP"]
[SourceTitle "CBM 186 Extra"]
[Source "ChessBase"]
[SourceDate "2018.08.24"]
[SourceVersion "1"]
[SourceVersionDate "2018.08.24"]
[SourceQuality "1"]

1. c4 e6 2. Nf3 d5 3. g3 Nf6 4. Bg2 d4 5. 0-0 c5 6. d3 Nc6 7. e3 Bd6 8. exd4 cxd4 9. Bg5 h6 10. Bxf6 Qxf6 11. Nbd2 Qe7 12. a3 a5 13. Ne4 Bc7 14. b4 axb4 15. axb4 Rxa1 16. Qxa1 Qxb4 17. Rb1 Qe7 18. Nxd4 0-0 19. Nb5 Rd8 20. d4 b6 21. d5 Be5 22. Qa4 Nd4 23. f4 Bf6 24. d6 Qe8 25. Nxf6+ gxf6 26. Qa3 e5 27. Nc7 Qd7 28. Nd5 Qxd6 29. Qxd6 Rxd6 30. Ne7+ 1-0

[Event "Utebo Hotel el Aguila-A"]
[Site "Utebo"]
[Date "2018.06.21"]
[Round "8"]
[White "Garza Marco, Sergio"]
[Black "Gomez Anadon, Daniel"]
[Result "1-0"]
[WhiteElo "2423"]
[BlackElo "2210"]
[PlyCount "77"]
[EventDate "2018.06.18"]
[EventType "tourn"]
[EventRounds "9"]
[EventCountry "ESP"]
[SourceTitle "EXT 2024"]
[Source "ChessBase"]
[SourceDate "2023.10.10"]
[SourceVersion "1"]
[SourceVersionDate "2023.10.10"]
[SourceQuality "1"]

1. d4 d5 2. c4 e6 3. Nf3 Nf6 4. Bg5 dxc4 5. Nc3 c6 6. e4 b5 7. e5 h6 8. Bh4 g5 9. Nxg5 hxg5 10. Bxg5 Nbd7 11. g3 Bb7 12. Bg2 Qb6 13. exf6 0-0-0 14. 0-0 c5 15. d5 b4 16. Rb1 Qa6 17. dxe6 Bxg2 18. e7 Bxf1 19. Qd5 Bxe7 20. fxe7 Rdg8 21. Ne4 Bd3 22. Nd6+ Kc7 23. Bf4 Bxb1 24. Nxc4+ Kc8 25. Qa8+ Nb8 26. Qxb8+ Kd7 27. Qc7+ Ke6 28. Qe5+ Kd7 29. Qd5+ Kxe7 30. Bd6+ Kf6 31. Ne5 Qxa2 32. b3 Bg6 33. Ng4+ Kg7 34. Qe5+ Kh7 35. Nf6+ Kg7 36. Ne8+ Kh7 37. Qg7+ Rxg7 38. Nf6+ Kh6 39. Bf4# 1-0